000 00675cam a22002293a 4500
001 18971
003 PGUSA
005 20140828083413.0
008 060802s2006||||xxu|||||s|||||000 | eng d
040 _aPGUSA
_beng
042 _adc
050 4 _aNK
100 1 _aFitzwilliam, Ada Wentworth
245 1 0 _aJacobean Embroidery :
_bIts Forms and Fillings, Including Late Tudor
_h[electronic resource] /
_cAda Wentworth Fitzwilliam
260 _bProject Gutenberg,
_c2006
506 _aPublic domain in the USA.
516 _aElectronic text
653 _aEmbroidery
830 0 _aProject Gutenberg
_v18971
856 4 0 _uhttp://www.gutenberg.org/ebooks/18971
942 _cEB
999 _c248226
_d248226